00914nam a2200205 a 450000100060000000300080000600500170001400800410003103500190007204000290009104100080012008200350012811000490016324502420021226000310045430000190048550501120050465000350061665100570065121810BD-RjUL20211209000730.0140305s1957 tu 00000 eng d a(BD-RjUL)21875 aACAEcACAEbengdBD-RjUL aeng04221a327.41009044bMIC V-1 19572 aMinisters of foreign affairs of the U.S.S.R.00aCorrespondence between the chairman of the Council of Ministers of the USSR and the Presidents of the USA and the Prime Ministers of Great Britain during the Great Patriotic War of 1941-1945.cMinisters of foreign affairs of the U.S.S.R.0 aMoscow :bProgress,c1957. aVol. ;c22 cm. aVol. 1. -- V. 2. Correspondence with Franklin D. Roosevelt and Harry S. Truman, (August 1941-December 1945) 0aWorld War, 1939-1945xSources. 0aSoviet UnionxForeign relationsy1917-1945xSources.